000 00769nam a2200241 a 4500
999 _c11994
_d11994
001 11994
003 BD-JhCC
005 20210408134018.0
008 210302b20012020bg a|||| ||a| 000 0 mul d
020 _a9789848980101
035 _a(BD-JhCC)11994
040 _aBD-JhCC
_dBD-JhCC
041 _amul
082 _a620.0042
_bMOL 2020
100 _a মল্লিক,সামুয়েল
245 _aমাস্টারিং অটোক্যাড
_cসামুয়েল মল্লিক
260 _aঢাকা :
_bসিসটেক পাবলিশিং লিমিটেড;
_c২০২০.
300 _a670
_bill
_c24 cm.
650 _aComputer graphics
650 _aComputer-aided design
942 _2ddc
_cBK
_02